|
|
|
|
| LEADER |
00000caa a2200000 c 4500 |
| 001 |
1408918609 |
| 003 |
DE-627 |
| 005 |
20220529130356.0 |
| 007 |
tu |
| 008 |
110318s2010 xx ||||| 00| ||eng c |
| 020 |
|
|
|a 9783000291326
|
| 035 |
|
|
|a (DE-627)1408918609
|
| 035 |
|
|
|a (DE-576)338918604
|
| 035 |
|
|
|a (DE-599)BSZ338918604
|
| 040 |
|
|
|a DE-627
|b ger
|c DE-627
|e rakwb
|
| 041 |
|
|
|a eng
|
| 084 |
|
|
|a 0
|2 ssgn
|
| 100 |
1 |
|
|a Divan, Anil
|4 aut
|
| 245 |
1 |
0 |
|a Hindu law and its influence on Indian law
|b developments since independence = Das hinduistische Recht und sein Einfluss auf das indische Recht seit der Unabhängigkeit Indiens
|c Anil Divan
|
| 246 |
3 |
1 |
|a Das hinduistische Recht und sein Einfluss auf das indische Recht seit der Unabhängigkeit Indiens
|
| 264 |
|
1 |
|c 2010
|
| 336 |
|
|
|a Text
|b txt
|2 rdacontent
|
| 337 |
|
|
|a ohne Hilfsmittel zu benutzen
|b n
|2 rdamedia
|
| 338 |
|
|
|a Band
|b nc
|2 rdacarrier
|
| 601 |
|
|
|a Influencer
|
| 601 |
|
|
|a Einfluss
|
| 601 |
|
|
|a Unabhängigkeit
|
| 773 |
0 |
8 |
|i In
|t Der Einfluss der Weltreligionen auf die Rechtssysteme der Länder ; [Hauptbd.]
|d Frankfurt am Main : Rechtsanwaltskammer, 2010
|g (2010), Seite 133-145
|h 374 S.
|w (DE-627)1384641033
|w (DE-576)314641033
|z 9783000291326
|7 nnam
|
| 773 |
1 |
8 |
|g year:2010
|g pages:133-145
|
| 951 |
|
|
|a AR
|
| ELC |
|
|
|b 1
|
| ORI |
|
|
|a SA-MARC-ixtheo_oa001.raw
|
| REL |
|
|
|a 1
|
| SUB |
|
|
|a REL
|